| 000 | 01159cam a22003254a 4500 | ||
|---|---|---|---|
| 001 | 13435250 | ||
| 003 | OSt | ||
| 005 | 20140310181629.0 | ||
| 008 | 031215s2004 enk b 001 0 eng | ||
| 010 | _a 2003070043 | ||
| 020 | _a0826472419 | ||
| 020 | _a0826472427 (pbk.) | ||
| 040 |
_aDLC _cDLC _dDLC |
||
| 042 | _apcc | ||
| 050 | 0 | 0 |
_aB 21 _b.W47 2004 |
| 082 | 0 | 0 |
_aTR 100 _bW55 2004 |
| 245 | 0 | 0 |
_aWhat philosophy is : _bcontemporary philosophy in action / _cedited by Havi Carel and David Gamez ; with a foreword by Simon Blackburn. |
| 260 |
_aLondon ; _aNew York : _bContinuum, _cc2004. |
||
| 300 |
_axviii, 325 p. ; _c21 cm. |
||
| 521 | _aFaculty | ||
| 541 | _j1 | ||
| 562 | _eFor circulation. 1 copy in the collection | ||
| 650 | 0 |
_aPhilosophy. _91101 |
|
| 700 | 1 |
_aCarel, Havi. _91102 |
|
| 700 | 1 |
_aGamez, David. _91103 |
|
| 856 | 4 | 2 |
_3Contributor biographical information _uhttp://www.loc.gov/catdir/enhancements/fy1204/2003070043-b.html |
| 906 |
_a7 _bcbc _corignew _d1 _eocip _f20 _gy-gencatlg |
||
| 942 |
_2lcc _cBK-TR _kTR |
||
| 999 |
_c442 _d442 |
||